Different approaches of Designing an E-nose (Record no. 217801)
[ view plain ]
| 000 -LEADER | |
|---|---|
| fixed length control field | 00568nam a2200145Ia 4500 |
| 008 - FIXED-LENGTH DATA ELEMENTS--GENERAL INFORMATION | |
| fixed length control field | 231221s9999 xx 000 0 und d |
| 041 ## - LANGUAGE CODE | |
| Language code of text/sound track or separate title | English |
| 082 ## - DEWEY DECIMAL CLASSIFICATION NUMBER | |
| Classification number | CPEC12-354 |
| 100 ## - MAIN ENTRY--PERSONAL NAME | |
| Personal name | Manikandan, J. Agrawal, V K. Krishnamurthy, V. |
| 245 #0 - TITLE STATEMENT | |
| Title | Different approaches of Designing an E-nose |
| 260 ## - PUBLICATION, DISTRIBUTION, ETC. | |
| Date of publication, distribution, etc. | 2012 |
| 500 ## - GENERAL NOTE | |
| General note | Different approaches of Designing an E-nose,National conference on Olfaction and E-nose, 20-21 april 2012, PESIT, BangaloreProf.J.Manikandan,Prof.V.K.Agrawal, Prof.V.Krishnamurthy,1-4. |
| 650 ## - SUBJECT ADDED ENTRY--TOPICAL TERM | |
| Topical term or geographic name entry element | Different,Designing,E-nose |
| 942 ## - ADDED ENTRY ELEMENTS (KOHA) | |
| Koha item type | Institutional repository |
| Date last seen | Total checkouts | Full call number | Accession number | Price effective from | Category | Lost status | Damaged status | Department | Withdrawn status | Home library | Current library | Shelving location | Entry date | Grants | Currency symbol | Conversion rate | Discount | Old discount |
|---|---|---|---|---|---|---|---|---|---|---|---|---|---|---|---|---|---|---|
| 26/01/2024 | CPEC12-354 | IR354 | 26/01/2024 | Institutional repository | EC | Central Library | Central Library | Central Library | EC | RS | 1 |
